History Quiz

Random History or Nation Quiz

Name It After Me! (III) Quiz Stats

 Plays Quiz Updated Jun 24, 2015

Challenge
Share
Tweet
Embed
Score 0/24 Timer 08:00
8 Plays Today
% Correct
Ferris
98%
Geronimo
95.1%
Benedict Arnold
89.2%
Uncle Sam
89.1%
Shirley Temple
89%
John Hancock
87.2%
Jesse James
83%
Winchester
81.2%
Hoover
79.1%
Colt
78.8%
Gallup
78.6%
Lindy
77.4%
% Correct
Annie Oakley
77.1%
Buffalo Bill
76.6%
Tommy
76.3%
Bogart
73.9%
Pullman
73.3%
Maverick
73%
Murphy
67.6%
Moog
55.9%
Franklin
48.3%
Morgan
34.1%
Roorback
34.1%
Zogby
18.1%

You're not logged in!

Compare scores with friends on all Sporcle quizzes.
OR
Log In

You Might Also Like...

Show Comments

Extras

Top Quizzes Today


Score Distribution

Your Account Isn't Verified!

In order to create a playlist on Sporcle, you need to verify the email address you used during registration. Go to your Sporcle Settings to finish the process.

Report this User

Report this user for behavior that violates our Community Guidelines.

Details: